000 00637nam a2200205Ia 4500
003 GCL
008 140319s9999 xx 000 0 ara d
040 _aGCL /
_cGCL
082 0 4 _a001.553
_bك ا
100 1 _aكرم شلبى
245 1 0 _aالانتاج التليفزيونى وفنون الاخراج /
_cكرم شلبى
260 _a[S.N] :
_bمكتبة التراث الاسلامى
300 _a399 ص
490 _a
650 0 4 _aالاعلان
650 0 4 _aالاخراج التليفزيونى
650 0 4 _aالانتاج التليفزيونى
650 0 4 _aالاعلان بالتلفزيون
942 _2ddc
_cBK
999 _c35771
_d35771